Sources and methods (Record no. 119862)
[ view plain ]
| 000 -LEADER | |
|---|---|
| fixed length control field | 01247nam a2200301 a 4500 |
| 245 00 - TITLE STATEMENT | |
| Title | Sources and methods |
| 260 ## - PUBLICATION, DISTRIBUTION, ETC. (IMPRINT) | |
| Place of publication | Madrid : |
| Name of publisher | International Labour Office : |
| -- | World Tourism Organization, |
| Year of publication | 2008. |
| 300 ## - PHYSICAL DESCRIPTION | |
| Number of Pages | x, 424 p. : |
| Other physical details | forms. |
| 650 #0 - SUBJECT ADDED ENTRY--TOPICAL TERM | |
| Topical Term | Tourism |
| Topical Term | Labor supply |
| 856 40 - ELECTRONIC LOCATION AND ACCESS | |
| Uniform Resource Identifier | http://site.ebrary.com/lib/rucke/Doc?id=10512134 |
No items available.
